Tại sao Việt Nam? = Why Vietnam? (Bản dạo đầu con chim Hải Âu của nước Mỹ) /

Na minha lista:
Detalhes bibliográficos
Formato: Sách giấy
Idioma:Vietnamese
English
Publicado em: Đà Nẵng : Đà Nẵng , 1995
Assuntos:
Tags: Adicionar Tag
Sem tags, seja o primeiro a adicionar uma tag!
Thư viện lưu trữ: Thư viện Trường Đại học Đà Lạt
LEADER 00839nam a2200277 4500
001 DLU020013989
005 ##6/23/2000
020 # # |a 978- 
041 # # |a vie  |a eng 
082 # # |a 959.704 337 3  |b PA-A 
090 # # |a 959.704 337 3  |b PA-A 
245 # # |a Tại sao Việt Nam? =  |b Why Vietnam? (Bản dạo đầu con chim Hải Âu của nước Mỹ) /  |c Lê Trọng Nghĩa, Patti Archimedes L. A. 
260 # # |a Đà Nẵng :  |b Đà Nẵng ,  |c 1995 
300 # # |a 540 tr.;   |c 24 cm. 
651 # # |a Hoa Kỳ  |x Quan hệ ngoại giao  |z Việt Nam. 
651 # # |a Việt Nam  |x Lịch sử  |y 1954-1975. 
651 # # |a Việt Nam  |x Quan hệ ngoại giao  |x Hoa Kỳ. 
992 # # |a 55000 
994 # # |a DLU 
900 # # |a False 
911 # # |a Administrator 
925 # # |a G 
926 # # |a A 
927 # # |a SH 
980 # # |a Thư viện Trường Đại học Đà Lạt